[Event "CAN-ch op"]
[Site "Ottawa"]
[Date "1998.07.12"]
[Round "2"]
[White "Gagnon, Fabien"]
[Black "Fournier, Ron"]
[Result "1-0"]
[WhiteElo "1987"]
[BlackElo "1873"]
[PlyCount "111"]
[EventDate "1998.07.11"]
[EventType "swiss"]
[EventRounds "10"]
[EventCountry "CAN"]
[SourceTitle "EXT 2022"]
[Source "ChessBase"]
[SourceDate "2021.10.06"]
[SourceVersion "1"]
[SourceVersionDate "2021.10.06"]
[SourceQuality "1"]

1. e4 e5 2. Nf3 Nf6 3. d3 Nc6 4. g3 Be7 5. Bg2 0-0 6. 0-0 d5 7. Nbd2 dxe4 8. dxe4 Bg4 9. h3 Bh5 10. g4 Bg6 11. Re1 Nxe4 12. Nxe5 Nxe5 13. Nxe4 Qxd1 14. Rxd1 Rad8 15. Bf4 f6 16. b3 Rxd1+ 17. Rxd1 Rd8 18. Rxd8+ Bxd8 19. Nc5 Bxc2 20. Bxb7 Nd3 21. Be3 Nxc5 22. Bxc5 Kf7 23. Bxa7 Be7 24. Bd5+ Ke8 25. f3 Kd7 26. Kf2 c6 27. Be4 Bxe4 28. fxe4 c5 29. Bb8 Kc6 30. Ke2 Kb5 31. Kd3 Kb4 32. Bf4 Ka3 33. Kc4 Kxa2 34. Be3 Kb2 35. g5 Kc2 36. gxf6 gxf6 37. Bh6 Kb2 38. h4 Kc2 39. h5 Kb2 40. Be3 Kc2 41. h6 Bf8 42. Bxc5 Bxh6 43. Bd6 Bd2 44. b4 h5 45. b5 Ba5 46. Bg3 Kd2 47. Bh4 Ke3 48. Kd5 Bc3 49. b6 Kf4 50. b7 Be5 51. Bxf6 Bb8 52. Be7 Kg4 53. Bd6 Ba7 54. e5 Kf5 55. e6 Kf6 56. b8Q 1-0